| 000 | 00547nam a2200205Ia 4500 | ||
|---|---|---|---|
| 008 | 170203s9999 xx 000 0 und d | ||
| 020 | _a1854346970 | ||
| 050 | _a912 | ||
| 050 | _bC536 2001 | ||
| 245 | _aChildren's atlas.com : | ||
| 245 | _bthe book, cd-rom and website that work together. | ||
| 260 | _aLondon : | ||
| 260 | _bTwo-Can Publishing, | ||
| 260 | _c2001 | ||
| 300 | _a48 pages, | ||
| 300 | _bcolor photographs, illustrations, | ||
| 300 | _c29 cm. | ||
| 300 | _e1 videodisc. | ||
| 440 | _aTwo-Can. Interfact Reference. | ||
| 999 |
_c305603 _d305603 |
||